Представление документа в формате MARC21

Поле Инд. ПП Название Значение
Тип записи a
Библиографический уровень b
001 Контрольный номер RU/IS/BASE/265906071
005 Дата корректировки 20220715140335.0
008 Кодируемые данные 20080604
040 b Код языка каталог. rus
e Правила каталог. PSBO
041 0_ a Код языка текста rus
084 a Индекс другой классификации/Индекс ББК 66.3(2Рос),15; 60.561.3(2Рос)
100 1_ a Автор Карпова Н. В.
q Полное имя Карпова Наталья Владимировна
245 10 a Заглавие Особенности формирования политической культуры в условиях российских трансформаций
504 a Библиография Библиогр. ссылки. - Примеч.
650 a Основная рубрика внутренняя политика
a Основная рубрика политика
a Основная рубрика политическая социология
a Основная рубрика социология
653 1_ a Ключевые слова политическая активность
a Ключевые слова политическая культура
a Ключевые слова политическая трансформация
a Ключевые слова политическое поведение
a Ключевые слова российское общество
a Ключевые слова Россия
a Ключевые слова социальная стратификация
773 08 t Заглавие источника Вестник Московского университета. Серия 18, Социология и политология
d Дата издания источника 2007
g Прочая информация № 4. - С. 57 - 71
w Контрольный № источника RU/IS/BASE/261756947
901 t Тип документа b